| 000 | 01034cab a2200205 4500 | ||
|---|---|---|---|
| 001 | ##L134046 | ||
| 008 | 060704n2006 000 0 eng u | ||
| 035 | _a(Sirsi) u134046 | ||
| 041 | 0 | _aeng | |
| 100 | 1 | _aHughes-D'Aeth, John | |
| 245 | 0 | 0 | _aRules of engagement |
| 260 | _c2006 | ||
| 490 | 0 |
_aBuilding _v271(8437) 30 June 2006, 66(1) |
|
| 520 | _aExamines the draft Construction Industry Council Consultants' Contract (2006 Edition), a contract intended for experienced clients working with experienced consultants on major construction projects. Suggests that the contract is well drafted and flexible enough to cater for different procurement methods and fee structures. Highlights how the contract has dealt with various difficult issues and discusses the inclusion of a limitation of liability provision. | ||
| 590 | _aIKA040706 | ||
| 650 | 2 | 4 | _aCIC CONSULTANTS' CONTRACT (2006 EDITION) |
| 651 | 4 | _aGREAT BRITAIN | |
| 690 | _aBUILT ENVIRONMENT-BUILDING CONTRACT FORMS-STANDARD FORMS OF BUILDING CONTRACT | ||
| 942 | _n0 | ||
| 999 |
_c77343 _d77343 |
||